000 01183nam a22002895i 4500
999 _c7951
_d7951
001 7951
003 UkOxU
005 20180417123233.0
008 150716s1967 |||||||eo |||| ||eng
020 _a9781317586494
020 _a1317586492
035 _a(Uk)017481962 7951
040 _aUk
_erda
_cUk
_dBD-JhCC
041 _aeng
082 _a335.5092
_bLAS 1967
100 1 _aLaski, Harold J.,
245 1 0 _aCommunist Manifesto :
_bSocialist Landmark /
_cHarold J. Laski.
300 _a1 online resource (159 pages).
490 0 _aThe Works of Harold J. Laski
500 _aAcademic
506 1 _aLegal Deposit;
_cOnly available on premises controlled by the deposit library and to one user at any one time;
_eThe Legal Deposit Libraries (Non-Print Works) Regulations (UK).
_5UkOxU
540 _aRestricted: Printing from this resource is governed by The Legal Deposit Libraries (Non-Print Works) Regulations (UK) and UK copyright law currently in force.
_5UkOxU
650 7 _aPOLITICAL SCIENCE / Political Ideologies / Democracy
650 7 _aPOLITICAL SCIENCE / Political Ideologies / Communism & Socialism
942 _2ddc
_cBK